Geography Quiz

Random Geography or War Quiz

Countries With Nukes Quiz Stats

 Plays Quiz Updated Oct 16, 2018

Score 0/9 Timer 02:00
18 Plays Today
Estimated Nukes Country % Correct
7,700United States of America
99.4%
8,500Russia
98.4%
250China
93.9%
225United Kingdom
91.9%
300France
91%
1-10North Korea
88.9%
90-110India
85.5%
100-120Pakistan
76.1%
80Israel
67%

You're not logged in!

Compare scores with friends on all Sporcle quizzes.
OR
Log In

Sporcle TV

Which Countries Have Nukes?


What are the countries that have nuclear weapons? Great question! Turns out, there are only a handful of countries that make their own nukes, and their stories are pretty interesting. Check out this video to learn more!

Show Comments

Extras

Top Quizzes Today


Score Distribution

Your Account Isn't Verified!

In order to create a playlist on Sporcle, you need to verify the email address you used during registration. Go to your Sporcle Settings to finish the process.

Report this User

Report this user for behavior that violates our Community Guidelines.

Details: